00234nam a2200109Ia 4500100002200000366000700022245002200029260002800051082001400079300000800093546002300101 aSumithradevi/K.A  f20 aOperating Systems bShroff Publishersc2009 a5.43bSUM a326 aENGLISHcComputers